000 00651nam a2200217Ia 4500
003 GCL
008 140319s9999 xx 000 0 ara d
040 _aGCL /
_cGCL
082 0 4 _a257.3
_bع ر
100 1 _aعوف محمود الكفراوى
245 1 0 _aالرقابة المالية فى الاسلام /
_cعوف محمود الكفراوى
260 _a[S.N] :
_bمؤسسة شباب الجامعة ،
_c1983
300 _a310 ص
490 _a
650 0 4 _aالاقتصاد الاسلامى
650 0 4 _aالزكاة
650 0 4 _aالجزية
650 0 4 _aالسلام
650 0 4 _aالنظام المالى
942 _2ddc
_cBK
999 _c54091
_d54091